000 00995nam a22003017a 4500
001 7759
003 FISKH
005 20250805091829.0
008 250805b cb ||||| |||| 00| 0 eng d
020 _a9780152058494
040 _aFISKH
_beng
_cFISKH
_dFISKH
050 _aPS3562.E9465 S38
082 _a811.54
100 _aLewis, J.Patrick
_d(1942-)
245 _aScien-Trickery :
_bRiddles in science /
_cJ.Patrick Lewis ; Illustrated by Frank Remkiewicz /
250 _aThis edtion first published in 2007
260 _aFlorida :
_bVoyager,
_c2004
300 _a32 pages :
_bcolor illustrations ;
_c27 cm
505 _aP
520 _aA collection of poems that describe people, places, and things associated with science, including oxygen, the ocean, and germs.
521 8 _a600
_bLexile
521 8 _aP
_bRaz-Plus
650 _2Riddles
_aScience
650 _2Painted
_aPicture book
700 _aRemkiewicz, Frank
_dillustrator
942 _2ddc
_cBK
_n0
999 _c7759
_d7759